|
|
|
|
| LEADER |
00609nam a22001697a 4500 |
| 020 |
|
|
|a 9780618833924
|
| 082 |
|
|
|a 327.73
|b CIG.A
|
| 100 |
|
|
|a Cigler, Allan J.
|
| 245 |
|
|
|a American politics :
|b classic and contemporary readings /
|c by Allan J Cigler and Burdett A Loomis.
|
| 250 |
|
|
|a 7th ed.
|
| 260 |
|
|
|a New York :
|b Houghton mifflin company,
|c 2008.
|
| 300 |
|
|
|a 519 p.
|
| 650 |
|
|
|a American politics
|
| 700 |
|
|
|a Loomis, Burdett A.
|
| 942 |
|
|
|c BK
|
| 999 |
|
|
|c 311760
|d 311760
|
| 952 |
|
|
|0 0
|1 0
|4 0
|6 327_730000000000000_CIG_A
|7 0
|8 REF
|9 333273
|a POL
|b POL
|c REF
|d 2020-11-18
|l 0
|o 327.73 CIG.A
|p POL18409
|r 2020-11-18
|w 2020-11-18
|y BK
|